| 000 | 00554nam a22002177a 4500 | ||
|---|---|---|---|
| 005 | 20170124110112.0 | ||
| 010 | _a766263 | ||
| 020 |
_c00.00 _a0571097081 |
||
| 035 | _a766263 | ||
| 037 | _bCen Lib/Ret | ||
| 040 |
_aDPL _bEN |
||
| 082 |
_aN _bBOV |
||
| 100 |
_aBova, Ben _929229 |
||
| 245 |
_aThe duelling machine / _cby Ben Bova |
||
| 260 |
_bFaber and Faber _c1971 _aLondon |
||
| 270 |
_bLondon _a3 queen square |
||
| 300 |
_a247p. _c19cm(Hb) |
||
| 650 |
_aScience fiction _929230 |
||
| 650 |
_aDueling _929231 |
||
| 942 |
_2ddc _cEN _hN _mBOV |
||
| 999 |
_c130448 _d130448 |
||